| 000 | 01228cam a2200289 4500 | ||
|---|---|---|---|
| 001 | ##L135346 | ||
| 008 | 061017n2006 000 0 eng u | ||
| 020 | _a190328760X | ||
| 035 | _a(Sirsi) u135346 | ||
| 041 | 0 | _aeng | |
| 050 | 0 | 4 | _a697 $2 18 |
| 110 | 2 |
_aChartered Institution of Building Services Engineers _92360 |
|
| 245 | 0 | 0 | _aEnergy assesment and reporting method |
| 250 | _a2nd ed | ||
| 260 |
_aLondon _bCIBSE _c2006 |
||
| 300 |
_a26p. _bill. _c30cm. |
||
| 350 | _a58.00 | ||
| 505 | 1 | _aThe EU Directive on energy performance of buildings -- Tools for building professionals -- Description of the TM22 procedure -- Specifying an assesment -- Using the software | |
| 520 | _aMakes available a procedure for assessing the energy and systems performance of buildings, and to provide support for legislative developments on the energy labelling of buildings including the EU Energy performance of Buildings Directive. | ||
| 520 | _aIncludes CD-ROM containing TM 22 tutorial. | ||
| 590 | _aIKA141106 | ||
| 650 | 2 | 4 | _aDIRECTIVE 2002/91/EC |
| 650 | 2 | 4 | _aCIBSE TM22 PROCEDURE |
| 651 | 4 |
_aUnited Kingdom _y |
|
| 690 | _aENVIRONMENTAL AND LAND CONSULTANCY-ENERGY-ENERGY USE-ENERGY USE ASSESSMENT | ||
| 942 | _n0 | ||
| 999 |
_c106014 _d106014 |
||